000 00366 a2200169 4500
001 61693
020 _a8576665409
040 _cAnchieta - Pituba
100 _aGaldino, Luiz
240 1 0 _aA divina comédia
_lpor
245 1 0 _aA divina comédia
300 _a80
362 0 _a2006
440 1 _aEscala Educacional
650 4 _aLiteratura juvenil
942 _cBK
999 _c61693
_d61693